| 000 | 00468pab a2200181 454500 | ||
|---|---|---|---|
| 008 | 180718b2008 xxu||||| |||| 00| 0 eng d | ||
| 100 | _aVerma, Sanjeev | ||
| 245 | _aBusiness ethics and corporate governance | ||
| 260 | _c2008 | ||
| 300 | _ap.7-15. | ||
| 362 | _aApr-Jun | ||
| 650 | _aCorporate governance | ||
| 650 | _aFinancial markets | ||
| 700 | _aChaudhuri, Ranjan | ||
| 773 | _aIndian Journal of Training and Development | ||
| 908 | _aN | ||
| 909 | _a79683 | ||
| 999 |
_c79683 _d79683 |
||